<?xml version="1.0" encoding="UTF-8"?>
<record
    xmlns:xsi="http://www.w3.org/2001/XMLSchema-instance"
    xsi:schemaLocation="http://www.loc.gov/MARC21/slim http://www.loc.gov/standards/marcxml/schema/MARC21slim.xsd"
    xmlns="http://www.loc.gov/MARC21/slim">

  <leader>01764nam a22003254i 4500</leader>
  <controlfield tag="001">32552</controlfield>
  <controlfield tag="003">DO-SdISF</controlfield>
  <controlfield tag="005">20250326105952.0</controlfield>
  <controlfield tag="007">ta</controlfield>
  <controlfield tag="008">240209s2020    dr a|||frm||| 000 0 spa d</controlfield>
  <datafield tag="040" ind1=" " ind2=" ">
    <subfield code="a">DO-SdISF</subfield>
    <subfield code="b">spa</subfield>
    <subfield code="e">rda</subfield>
    <subfield code="c">DO-SdISF</subfield>
  </datafield>
  <datafield tag="090" ind1=" " ind2=" ">
    <subfield code="a">TMEFI-2020-0015</subfield>
  </datafield>
  <datafield tag="100" ind1="1" ind2=" ">
    <subfield code="a">L&#xF3;pez Guill&#xE9;n, Rudy Gilberto </subfield>
    <subfield code="e">autor</subfield>
    <subfield code="9">22703</subfield>
  </datafield>
  <datafield tag="245" ind1="1" ind2="0">
    <subfield code="a">Acciones educativas para la formaci&#xF3;n de estilos de vida saludable en estudiantes de la asignatura metodolog&#xED;a del entrenamiento deportivo escolar del programa de licenciatura en Educaci&#xF3;n F&#xED;sica del recinto Luis Napole&#xF3;n N&#xFA;&#xF1;ez Molina Licey al Medio, Santiago /</subfield>
    <subfield code="c">sustentado por: Rudy Gilberto L&#xF3;pez Guill&#xE9;n ; asesor: Fernando Gu&#xED;o Guti&#xE9;rrez</subfield>
  </datafield>
  <datafield tag="264" ind1=" " ind2="1">
    <subfield code="a">Santo Domingo : </subfield>
    <subfield code="b">ISFODOSU, </subfield>
    <subfield code="c">2020</subfield>
  </datafield>
  <datafield tag="300" ind1=" " ind2=" ">
    <subfield code="a">73 hojas :</subfield>
    <subfield code="b">ilustraciones ; </subfield>
    <subfield code="c">27 cm.</subfield>
  </datafield>
  <datafield tag="336" ind1=" " ind2=" ">
    <subfield code="2">rdacontent</subfield>
    <subfield code="a">texto</subfield>
    <subfield code="b">txt</subfield>
  </datafield>
  <datafield tag="337" ind1=" " ind2=" ">
    <subfield code="2">rdamedia</subfield>
    <subfield code="a">sin mediaci&#xF3;n</subfield>
    <subfield code="b">n</subfield>
  </datafield>
  <datafield tag="338" ind1=" " ind2=" ">
    <subfield code="2">rdacarrier</subfield>
    <subfield code="a">volumen</subfield>
    <subfield code="b">nc</subfield>
  </datafield>
  <datafield tag="502" ind1=" " ind2=" ">
    <subfield code="a">Tesis para optar por el t&#xED;tulo de Maestr&#xED;a en Educaci&#xF3;n F&#xED;sica Integral - Instituto Superior de Formaci&#xF3;n Docente Salom&#xE9; Ure&#xF1;a - ISFODOSU, Recinto EMH, 2020.
</subfield>
  </datafield>
  <datafield tag="504" ind1=" " ind2=" ">
    <subfield code="a">Bibliograf&#xED;a en hoja 64</subfield>
  </datafield>
  <datafield tag="505" ind1="2" ind2=" ">
    <subfield code="a">Introducci&#xF3;n al problema de investigaci&#xF3;n 1 - Revisi&#xF3;n de literatura 13 - Metodolog&#xED;a 30 - Presentaci&#xF3;n de  resultados 58 - Interpretaci&#xF3;n de los resultados 55 - Referencias bibliogr&#xE1;ficas 64 - anexos 73</subfield>
  </datafield>
  <datafield tag="610" ind1="1" ind2="4">
    <subfield code="a">Instituto Superior de Formaci&#xF3;n Docente Salom&#xE9; Ure&#xF1;a</subfield>
    <subfield code="v">Tesis</subfield>
    <subfield code="2">armarc</subfield>
    <subfield code="9">20677</subfield>
  </datafield>
  <datafield tag="650" ind1="1" ind2="4">
    <subfield code="a">Educaci&#xF3;n f&#xED;sica</subfield>
    <subfield code="x">Ense&#xF1;anza</subfield>
    <subfield code="2">armarc</subfield>
    <subfield code="9">3852</subfield>
  </datafield>
  <datafield tag="650" ind1="1" ind2="7">
    <subfield code="a">Estilos de vida</subfield>
    <subfield code="9">20982</subfield>
  </datafield>
  <datafield tag="650" ind1="1" ind2="4">
    <subfield code="a">Promoci&#xF3;n de la salud</subfield>
    <subfield code="x">Metodolog&#xED;a </subfield>
    <subfield code="9">8733</subfield>
  </datafield>
  <datafield tag="650" ind1="1" ind2="4">
    <subfield code="a">Estudiantes universitarios</subfield>
    <subfield code="9">4500</subfield>
  </datafield>
  <datafield tag="700" ind1="1" ind2=" ">
    <subfield code="a">Gu&#xED;o Guti&#xE9;rrez, Fernando</subfield>
    <subfield code="9">31320</subfield>
    <subfield code="e">asesor</subfield>
  </datafield>
  <datafield tag="942" ind1=" " ind2=" ">
    <subfield code="2">LOC</subfield>
    <subfield code="c">TESIS</subfield>
  </datafield>
  <datafield tag="999" ind1=" " ind2=" ">
    <subfield code="c">13383</subfield>
    <subfield code="d">13383</subfield>
  </datafield>
  <datafield tag="952" ind1=" " ind2=" ">
    <subfield code="0">0</subfield>
    <subfield code="1">0</subfield>
    <subfield code="2">ddc</subfield>
    <subfield code="4">0</subfield>
    <subfield code="7">0</subfield>
    <subfield code="a">RII</subfield>
    <subfield code="b">RII</subfield>
    <subfield code="d">2025-03-26</subfield>
    <subfield code="l">0</subfield>
    <subfield code="r">2025-03-26 11:00:29</subfield>
    <subfield code="w">2025-03-26</subfield>
    <subfield code="y">TED</subfield>
  </datafield>
</record>
